Z Písku po stopách Dobrého vojáka Švejka /

Hlavní autor: Slavík, Martin
Jazyk: Čeština
Vydáno: Písek : Město Písek, odbor kultury a cestovního ruchu, 2010
Témata:
Fyzický popis: 44 s. : il. (převážně barev.), 1 mapa ; 21 cm
Knihy
Uloženo v:
LEADER 01739nam a2200433 a 4500
001 nkc20112220354
003 CZ PrNK
005 20111003100259.0
007 ta
008 110811s2010 xr ab e f 000 0 cze
020 |a 978-80-260-0662-6  |q (v knize neuvedeno :  |q brož.) 
040 |a BOA001  |b cze  |d ABA001 
043 |a e-xr---  |b e-xr-jc  |2 czenas 
072 7 |a 913(437)  |x Geografie Česka a Slovenska, reálie, cestování  |2 Konspekt  |9 7 
080 |a 913:338.483.1  |2 MRF 
080 |a 913:82  |2 MRF 
080 |a 908(437.319)  |2 MRF 
080 |a (036)  |2 MRF 
100 1 |a Slavík, Martin  |7 xx0090813  |4 aut 
245 1 0 |a Z Písku po stopách Dobrého vojáka Švejka /  |c [texty Martin Slavík] 
260 |a Písek :  |b Město Písek, odbor kultury a cestovního ruchu,  |c 2010 
300 |a 44 s. :  |b il. (převážně barev.), 1 mapa ;  |c 21 cm 
500 |a Název z obálky 
500 |a 3000 výt. 
504 |a Obsahuje bibliografické odkazy 
600 1 7 |a Hašek, Jaroslav,  |d 1883-1923.  |t Osudy dobrého vojáka Švejka za světové války  |7 aun2006372921  |2 czenas 
650 0 7 |a turistické zajímavosti  |7 ph126800  |z Česko  |2 czenas 
650 0 7 |a literární místopis  |7 ph137259  |z Česko  |2 czenas 
650 0 9 |a tourist sights  |z Czechia  |2 eczenas 
650 0 9 |a literary landmarks  |z Czechia  |2 eczenas 
655 7 |a informační publikace  |7 fd132454  |2 czenas 
655 9 |a information publications  |2 eczenas 
651 7 |a Písek (Česko : oblast)  |7 ge128560  |x vlastivěda  |2 czenas 
651 9 |a Písek Region (Czechia)  |x description and travel  |2 eczenas 
910 2 |a BOA001  |b 2-1271.327 
990 |a BK 
995 |a 11 
991 |b 201108  |e n 
996 6 |b 2610486396  |c 2-1271.327  |l MZK  |r Sklad / do 1 hodiny  |n 0  |p p.v.  |w 001196224  |u 000010  |a 1  |e BOA001  |j MZK50  |s P